Ekonomi wang dan urusan bank
| Main Author: | |
|---|---|
| Format: | Book |
| Published: |
Kuala Lumpur :
Dewan Bahasa dan Pustaka ,
1991
|
| Subjects: |
MARC
| LEADER | 00000cam a2200000 7i4500 | ||
|---|---|---|---|
| 001 | 0000053809 | ||
| 005 | 20151027.0 | ||
| 008 | 151027 | ||
| 020 | |a 9836221573 | ||
| 090 | 0 | 0 | |a 332.1 |b GOL |
| 100 | 0 | |a Goldfeld, Stephen M. | |
| 245 | 1 | 0 | |a Ekonomi wang dan urusan bank |c Stephen M. Goldfeld |
| 260 | |a Kuala Lumpur : |b Dewan Bahasa dan Pustaka , |c 1991 | ||
| 300 | |a 707pg. | ||
| 500 | |a Includes index | ||
| 650 | 0 | |a Bank dan urusan bank | |
| 999 | |a 0000350809 |b Book |c Adult Collection |e Cawangan Muar | ||